A glossary of the tribes and castes of the Punjab and North West Frontier Province
Збережено в:
| Автори: | , , |
|---|---|
| Формат: | Книга |
| Мова: | Англійська |
| Опубліковано: |
Lahore
Government Printing
1919
|
| Редагування: | 1a. ed |
| Предмети: | |
| Теги: |
Додати тег
Немає тегів, Будьте першим, хто поставить тег для цього запису!
|
MARC
| LEADER | 00000nam a2200000 a 4500 | ||
|---|---|---|---|
| 001 | UCJ7248 | ||
| 003 | CL-VaPUC | ||
| 008 | 070124e19190000pk |||||||||||||||||eng|d | ||
| 082 | 0 | 4 | |a 954 |b IBB |2 21 |
| 100 | 0 | |a Ibbetson, Denzil |e author |9 515490 | |
| 700 | 0 | |a MacLagan, Edward |e author |9 515491 | |
| 700 | 0 | |a Rose, H. A. |e author |9 515492 | |
| 245 | 1 | 2 | |a A glossary of the tribes and castes of the Punjab and North West Frontier Province |
| 250 | |a 1a. ed | ||
| 300 | |a 3 v | ||
| 942 | |c BK | ||
| 945 | |d 20070124 00:00:00 |a rinostro | ||
| 260 | |a Lahore |b Government Printing |c 1919 | ||
| 500 | |a Advierte errata | ||
| 650 | 0 | |a Simbología |9 267342 | |
| 650 | 0 | |a Lenguaje y lenguas |9 265846 | |
| 650 | 0 | |a Religión |9 255164 | |
| 650 | 7 | |a SUPERSTICIONES |2 CL-VaPUC |9 482872 | |
| 650 | 0 | |a Cultura |9 269059 | |
| 650 | 0 | |a Etnografía |9 309735 | |
| 650 | 7 | |a CASTAS |2 CL-VaPUC |9 434551 | |
| 650 | 7 | |a BUDISMO |2 CL-VaPUC |9 515493 | |
| 650 | 0 | |a Islamismo |9 314084 | |
| 650 | 0 | |a Hinduismo |9 265212 | |
| 650 | 7 | |a SWASTICA |2 CL-VaPUC |9 515494 | |
| 650 | 7 | |a CRUZ GAMADA |2 CL-VaPUC |9 515495 | |
| 650 | 0 | |a Ilustraciones |9 369481 | |
| 651 | 0 | |a India |9 267804 | |
| 651 | 7 | |a PUNJAB |2 CL-VaPUC |9 507746 | |
| 583 | |a last modification |c 20150511 04:53:41 |k Rodrigo Vera | ||
| 999 | |c 323344 |d 323342 | ||
| 952 | |0 0 |1 0 |4 0 |6 954_000000000000000_IBB_1919 |7 0 |8 X |9 402850 |a FDOBUD |b FDOBUD |d 2019-11-22 |h v.1 |i 1060449 |o 954 IBB 1919 |p 1060449 |r 2019-11-22 |w 2019-11-22 |y BK_X |k BUD | ||
| 952 | |0 0 |1 0 |4 0 |6 954_000000000000000_IBB_1919 |7 0 |8 X |9 402851 |a FDOBUD |b FDOBUD |d 2019-11-22 |h v.2 |i 1060457 |o 954 IBB 1919 |p 1060457 |r 2019-11-22 |w 2019-11-22 |y BK_X |k BUD | ||
| 952 | |0 0 |1 0 |4 0 |6 954_000000000000000_IBB_1919 |7 0 |8 X |9 402852 |a FDOBUD |b FDOBUD |d 2019-11-22 |h v.3 |i 1060465 |o 954 IBB 1919 |p 1060465 |r 2019-11-22 |w 2019-11-22 |y BK_X |k BUD | ||